000 00344nam a2200133Ia 4500
008 240624s9999 xx 000 0 und d
041 _aeng
082 _a658.4012 GRU
100 _aGRUNDY TONY
245 _aDYNAMIC COMPETITIVE STRATEGY TURNING STR
260 _c2018
_aLondon
_bRoutledge
300 _aviii, 278 p.; 23 cm.
365 _cBPS
_b35
999 _c31489
_d31489